| 000 | 00739cam a2200229 a 4500 | ||
|---|---|---|---|
| 001 | 000003802 | ||
| 005 | 20200929150557.0 | ||
| 008 | 720417s1992 sp 000 f spa | ||
| 040 |
_aDO-SdBNP _bspa _cBNPHU |
||
| 041 | 1 | 7 |
_aspa _heng |
| 082 |
_a813.54 _bB632a, 1992 |
||
| 100 | 1 |
_aRobbins, Harold, _d1916-1997 _99765 |
|
| 245 | 1 | 4 |
_aLos aventureros / _cHarold Robbins ; traductor, Francisco Elias. |
| 250 | _a4a ed. | ||
| 260 |
_aBarcelona : _bPlaza & Janés, _c1992. |
||
| 300 |
_a[768] p. ; _c18cm. |
||
| 440 | 4 |
_aLos Jet de Plaza & Janés. _v109/17 _911505 |
|
| 534 | _aTítulo original: The adventurers | ||
| 650 | 4 |
_aNovela estadounidense _9262 |
|
| 650 | 4 |
_aLiteratura estadounidense _9263 |
|
| 700 | 1 |
_aElias, Francisco ; _etr. _911546 |
|
| 999 |
_c3624 _d3624 |
||